00527 2200217 4500001002100000005001500021008004100036020001800077035001900095041000700114082001500121090002100136100001700157700002600174245002400200250000600224260003400230300002000264500001000284650001500294INLIS00000000000202920241224112448241224||||||||| | ||| |||| || |  a978-769-061-x 0010-1224002029 aid0 a570.151 95 a570.151 95 LUK s0 aluknis sabri0 aSutanto Priyo Hastono00aStatistik Kesehatan a2 aJakartabRajawali Pressc2010 ax,208hlm.;21 cm acet.4 0aIlmu Murni